[Event "Palafrugell Gelpi Memorial 28th"]
[Site "Palafrugell"]
[Date "2015.??.??"]
[Round "6"]
[White "Torrecillas Castello, Marc"]
[Black "Bonell Gleich, Xavier"]
[Result "0-1"]
[WhiteElo "1600"]
[BlackElo "1815"]
[PlyCount "49"]
[EventDate "2015.09.26"]
[EventType "swiss"]
[EventRounds "9"]
[EventCountry "ESP"]
[SourceTitle "EXT 2017"]
[Source "ChessBase"]
[SourceDate "2016.10.25"]
[SourceVersion "1"]
[SourceVersionDate "2016.10.25"]
[SourceQuality "1"]

1. e4 e6 2. d4 d5 3. exd5 exd5 4. Nf3 Bg4 5. Be2 Nf6 6. Bg5 Bd6 7. 0-0 0-0 8. Nc3 c6 9. h3 Bh5 10. a3 Nbd7 11. b4 Qc7 12. Qd2 h6 13. Bxf6 Nxf6 14. b5 Bf4 15. Qd3 Bg6 16. Qd1 Rfe8 17. Ne5 Bxe5 18. dxe5 Qxe5 19. Qd2 d4 20. Na4 cxb5 21. Bxb5 Qxb5 22. Qb4 Qxb4 23. axb4 Bxc2 24. Rac1 Bxa4 25. Rc7 0-1

[Event "Santa Eugenia op 9th"]
[Site "Santa Eugenia"]
[Date "2014.05.02"]
[Round "2"]
[White "Lopez Gomez, Pedro Jose"]
[Black "Bonell Gleich, Xavier"]
[Result "0-1"]
[WhiteElo "1700"]
[BlackElo "1842"]
[PlyCount "28"]
[EventDate "2014.04.25"]
[EventType "swiss"]
[EventRounds "9"]
[EventCountry "ESP"]
[SourceTitle "EXT 2015"]
[Source "ChessBase"]
[SourceDate "2014.11.20"]
[SourceVersion "1"]
[SourceVersionDate "2014.11.20"]
[SourceQuality "1"]

1. d4 Nf6 2. Bf4 e6 3. Nc3 Bb4 4. Qd3 d5 5. Qb5+ Nc6 6. e3 a6 7. Qd3 Ne4 8. 0-0-0 Nxf2 9. Be2 Nxd3+ 10. Bxd3 Bxc3 11. Nf3 Bb4 12. Ne5 Nxe5 13. Bxe5 f6 14. Rhf1 fxe5 0-1

[Event "Girona op 2nd"]
[Site "Girona"]
[Date "2011.07.19"]
[Round "6"]
[White "Diaz Munoz, Sergi"]
[Black "Bonell Gleich, Xavier"]
[Result "1-0"]
[WhiteElo "2061"]
[BlackElo "1628"]
[PlyCount "82"]
[EventDate "2011.07.14"]
[EventType "swiss"]
[EventRounds "9"]
[EventCountry "ESP"]
[SourceTitle "CBM 143 Extra"]
[Source "ChessBase"]
[SourceDate "2011.08.29"]
[SourceVersion "1"]
[SourceVersionDate "2011.08.29"]
[SourceQuality "1"]

1. e4 e6 2. d4 d6 3. Bd3 Nf6 4. f4 d5 5. e5 Ng8 6. Nf3 c5 7. c3 Nc6 8. 0-0 cxd4 9. cxd4 Qb6 10. Kh1 Bd7 11. Nc3 Nxd4 12. Nxd4 Qxd4 13. Nb5 Qb6 14. Be3 Bc5 15. Bxc5 Qxc5 16. Rc1 Qb4 17. Nc7+ Kd8 18. Nxa8 Ne7 19. Qb3 Qxb3 20. axb3 Nc6 21. Bb5 Kc8 22. Bxc6 Bxc6 23. f5 Kb8 24. fxe6 fxe6 25. Rf7 Kxa8 26. Rcf1 a5 27. Rf8+ Rxf8 28. Rxf8+ Ka7 29. Kg1 d4 30. Kf2 Kb6 31. Rf7 Kc5 32. Rxg7 Be4 33. Ke2 Kb4 34. Rg4 Bd5 35. Rxd4+ Kc5 36. Kd3 Bxg2 37. Kc3 Bh1 38. b4+ axb4+ 39. Rxb4 Kd5 40. Rxb7 Bg2 41. Rg7 Be4 1-0